Enrique Careaga (Record no. 7724)

MARC details
000 - LÍDER
campo de control de longitud fija 00895nam a2200205Ia 4500
008 - ELEMENTOS DE DATOS DE LONGITUD FIJA - INFORMACIÓN GENERAL
campo de control de longitud fija 0000001984 py a 0000000000spa00
090 ## - NÚMERO DE LLAMADA DE TIPO LC LOCALMENTE ASIGNADO (OCLC)
Número de clasificación (OCLC) (R) PPY00 C17e1
100 1# - ENTRADA PRINCIPAL - NOMBRE PERSONAL
Nombre de la persona Careaga, Enrique
Fechas asociadas a un nombre 1944
245 10 - TÍTULO DECLARACIÓN
Título Enrique Careaga
Resto del título : experiencia y desarrollo
Declaración de responsabilidad / fotografías Oscar Salazar, Yaryes, Juan Manuel Prieto
260 ## - PUBLICACIÓN, DISTRIBUCIÓN
Lugar de publicación Asunción (Paraguay) : Centro Cultural Paraguayo Americano
Fecha de publicación 1984
300 ## - DESCRIPCIÓN FÍSICA
Alcance [12] p.
Dimensiones / 29 cm.
500 ## - NOTA GENERAL
Nota general Exposición realizada en Galería Agustín Barrios, Centro Cultural Paraguayo, Asunción, Junio 630, 1984 \ Con el patronazgo de la empresa colombiana PLARESA
600 00 - ENTRADA DE SUJETO AÑADIDO - NOMBRE PERSONAL
Nombre de la persona CAREAGA, ENRIQUE, 1944/
Subdivisión general TRABAJOS PICTORICOS
650 14 - ENTRADA DE SUJETO AÑADIDO - TÉRMINO TÓPICO
Término tópico o elemento de entrada del nombre geográfico ARTE CONTEMPORANEO PARAGUAYO
650 14 - ENTRADA DE SUJETO AÑADIDO - TÉRMINO TÓPICO
Subdivisión general CATALOGOS
650 14 - ENTRADA DE SUJETO AÑADIDO - TÉRMINO TÓPICO
Subdivisión general EXPOSICIONES
650 14 - ENTRADA DE SUJETO AÑADIDO - TÉRMINO TÓPICO
Término tópico o elemento de entrada del nombre geográfico PINTORES PARAGUAYOS
650 14 - ENTRADA DE SUJETO AÑADIDO - TÉRMINO TÓPICO
Término tópico o elemento de entrada del nombre geográfico PINTURA PARAGUAYA
700 1# - ENTRADA AGREGADA - NOMBRE PERSONAL
Nombre de la persona Salazar Yaryes, Oscar \ Prieto, Juan Manuel
Holdings
Estado de retirada Pérdida de estatus Estado dañado No para préstamo Código de recogida Ubicación permanente Ubicación actual Ubicación de las estanterías Fecha de adquisición Número de llamada completo Código de barras Fecha de la última vez que se vio Número de copia Precio efectivo desde Tipo de artículo Koha
        General ArtNexus ArtNexus General 06/09/2022 P-PY-00 C17E1 7727 06/09/2022 Ej.1 06/09/2022 Libro

Powered by Koha